000
00378nam a2200133Ia 4500
008
151001s9999||||xx |||||||||||||| ||und||
100
_a
शशिकला साळगांवकर
245
_a
काटशह
250
_a
1
260
_b
श्रीविद्या प्रकाशन पुणे
260
_c
1982
300
_a
152
365
_b
21
999
_c
963093
_d
963090